000 01575nam a2200337 4500
001 768714001
003 CO-MdFUSB
005 20240926162417.0
007 ta
008 240918t2008 ag ab||| |||| 00| 0 eng d
020 _a987-987-22449-7-2
040 _bspa
_cCO-MdFUSB
_dCO-MdFUSB
041 0 _aspa
082 0 4 _223
_aG 270.09
_bD324
100 1 _aDeiros, Pablo A. (Alberto) (1945-)
_eautor
245 1 0 _aHistoria del cristianismo
_c/ Pablo A. Deiros
264 1 _aBuenos Aires, Argentina :
_bDel Centro
_c2008
264 4 _c©2008
300 _a350 páginas
_c; 21 cm
336 _atexto
_btxt
_2rdacontent
337 _2rdamedia
_asin mediación
_bn
338 _2rdacarrier
_avolumen
_bnc
490 _aFormación ministerial
500 _aIncluye índice ; lista de mapas y cuadros
505 _aTomo I: Los primeros 500 años. -- El cristianismo en el Imperio Romano. -- El cristianismo más allá del Imperio Romano. -- El cristianismo en el Imperio bizantino. -- Los problemas del cristianismo primitivo. Tomo II: Los mil años de incertidumbre (500-1500). -- Retroceso y recuperación (500-950). -- Resurgimiento y progreso (950-1350). -- Decadencia y vitalidad (1350-1500). -- Los problemas de cristiandad medieval. Tomo III: Las reformas de la iglesia (1500-1750). -- La Reforma protestante. -- La Reforma católica. -- Las reformas de los siglos XVII y XVIII. -- Los problemas del cristianismo.
563 _aRústica
650 7 _aIglesia
_xHistoria
_956
650 7 _aCristianismo
_922
942 _cBK
945 _aCatherine Arias Alvarez
999 _c43826
_d43826